उद्यमिता के मूल आधार / (Record no. 168034)
[ view plain ]
| 000 -LEADER | |
|---|---|
| fixed length control field | 01248nam a22002657a 4500 |
| 005 - DATE AND TIME OF LATEST TRANSACTION | |
| control field | 20190925132513.0 |
| 010 ## - LCCN (DPL NO) | |
| LC control number | B-179625 |
| 020 ## - INTERNATIONAL STANDARD BOOK NUMBER | |
| International Standard Book Number | 8189314963 |
| Terms of availability | 160.00 |
| 035 ## - SYSTEM CONTROL NUMBER | |
| System control number | B-179597,B-179622, B-179625 |
| 035 ## - SYSTEM CONTROL NUMBER | |
| System control number | B-179625 |
| 037 ## - SOURCE OF ACQUISITION | |
| Source of stock number/acquisition | अजमेरा बुक कम्पनी |
| 082 ## - DEWEY DECIMAL CLASSIFICATION NUMBER | |
| Classification number | 338.04 |
| Item number | रामचं |
| 245 ## - TITLE STATEMENT | |
| Title | उद्यमिता के मूल आधार / |
| Statement of responsibility, etc | एच.के.रामचन्दानी; के.सी.शर्मा; के.एस.पारीक एवं स्नेह सक्सेना |
| 260 ## - PUBLICATION, DISTRIBUTION, ETC. (IMPRINT) | |
| Place of publication, distribution, etc | जयपुर |
| Name of publisher, distributor, etc | अजमेरा बुक कम्पनी |
| Date of publication, distribution, etc | 2006 |
| 270 ## - ADDRESS | |
| Address | अजमेरा बुक |
| City | जयपुर |
| Postal code | 302002 |
| 300 ## - PHYSICAL DESCRIPTION | |
| Extent | 526पृ |
| Dimensions | 22सेमी (सजिल्द) |
| 650 ## - SUBJECT ADDED ENTRY--TOPICAL TERM | |
| Topical term or geographic name as entry element | उद्यमिता |
| General subdivision | भारत |
| 700 ## - ADDED ENTRY--PERSONAL NAME | |
| Personal name | रामचन्दानी, एच.के. |
| 9 (RLIN) | 44733 |
| 700 ## - ADDED ENTRY--PERSONAL NAME | |
| Personal name | शर्मा, के.सी. |
| 9 (RLIN) | 44734 |
| 700 ## - ADDED ENTRY--PERSONAL NAME | |
| Personal name | पारीक, के.एस. |
| 9 (RLIN) | 44735 |
| 700 ## - ADDED ENTRY--PERSONAL NAME | |
| Personal name | सक्सेना, स्नेह |
| 9 (RLIN) | 44736 |
| 700 ## - ADDED ENTRY--PERSONAL NAME | |
| Personal name | मेनन, सुभद्रा |
| 9 (RLIN) | 44737 |
| 942 ## - ADDED ENTRY ELEMENTS (KOHA) | |
| Source of classification or shelving scheme | Dewey Decimal Classification |
| Item type | Hindi Books |
| Classification part | 338.04 |
| Call number suffix | रामचं |
| Withdrawn status | Lost status | Not for loan | Collection code | Home library | Current library | Date acquired | Source of acquisition | Cost, normal purchase price | Full call number | Barcode | Cost, replacement price | Koha item type |
|---|---|---|---|---|---|---|---|---|---|---|---|---|
| Non-fiction | R.C.Libraries (zls) | R.C.Libraries (zls) | 25/09/2019 | अजमेरा बुक कंपनी | 160.00 | 338.04 रामचं | B-179625 | 160.00 | Hindi Books |
